Quiz Cultura Generale - Quiz n°11 - Statistics

Statistiche generali
  • Questo quiz è stato fatto 237 volte
  • Il punteggio medio è 8 su 15
Statistiche sulle risposte
Domanda Risposta % Corretto
Come si traduce il termine inglese "chair"? Sedia
96%
Qual è il segno zodiacale di una persona nata il 13 ottobre? Bilancia
86%
Qual è la religione più diffusa in Libano? Islam
79%
Da quale oceano è bagnato lo Sri Lanka? Oceano Indiano
78%
Quale regione oltre il Veneto, è interessata dal Delta del Po? Emilia-Romagna
76%
Quali sono i colori della squadra di calcio del Sassuolo? Nero-verde
76%
Qual è la provincia più a sud della Puglia? Lecce
67%
Quale caso latino regge il complemento di specificazione? Genitivo
59%
Quale grande poeta italiano nacque ad Arezzo il 20 luglio 1304? Francesco Petrarca
58%
Quanti giorni ci sono tra il 10 novembre ed il 10 febbraio dell'anno successivo? 92
53%
Chi ha inventato il codice Morse? Samuel Morse
53%
Qual è il titolo della seguente poesia: "Si sta, come d'autunno, sugli alberi, le foglie"? Soldati
30%
In quale parte dell'Orecchio si trova l'osso della Staffa? Orecchio medio
13%
Chi ha composto l'inno della Serie A? Giovanni Allevi
9%
Chi fu il primo essere umano a raggiungere il Polo Sud? Roald Amundsen
9%
Nessun quiz corrispondente trovato
Distribuzione punteggi
Percentuale di utenti per punteggio
Percentile per numero di risposta
I tuoi punteggi nel tempo
Non hai fatto questo quiz